Statistics for Ville d'Asie

Click here to take the quiz!

General Stats

  • This quiz has been taken 7 times
  • The average score is 37 of 132

Answer Stats

Hint Answer % Correct
Inde/11 007 835Delhi
86%
Japon/9 233 460Tokyo
86%
Japon/2 694 392Ōsaka
86%
Chine/9 031 266Shanghai
86%
Chine/3 433 164Guangzhou
86%
Japon/1 186 655Hiroshima
86%
Chine/7 129 547Pekin
86%
Japon/1 469 145Kyōto
86%
Arabie Saoudite/1 180 770Médine
71%
Arabie Saoudite/1 675 389La Mecque
71%
Japon/3 718 913Yokohama
71%
Japon/1 934 675Sapporo
71%
Pakistan/1 014 815Islamabad
71%
Japon/1 513 916Fukuoka
71%
Arabie Saoudite/6 152 180Riyad
71%
Viêt Nam/ 7 558 965Hanoi
71%
Japon/2 280 415Nagoya
71%
Indonésie/9 756 944Jakarta
71%
Iran/ 8 846 782Téhéran
71%
Thaïlande/9 280 567Bangkok
71%
Chine/2 311 671Chongqing
71%
Corée du Sud/9 904 312Séoul
71%
Inde/12 478 447Bombay
71%
Chine/1 927 105Chengdu
71%
Corée du Sud/3 448 737Busan
57%
Viêt Nam/8 224 400Hô-Chi-Minh
57%
Pakistan/1 151 275Hyderabad
57%
Corée du Sud/2 466 052Daegu
57%
Pakistan/3 203 846Faisalabad
57%
Iran/2 031 324Ispahan
57%
Iran/ 4 156 321Mechhed
57%
Indonésie/2 575 478Bandung
57%
Malaisie/1 627 172Kuala Lumpur
57%
Indonésie/3 123 914Surabaya
57%
Pakistan/14 910 352Karachi
57%
Arabie Saoudite/3 452 259Djeddah
57%
Pakistan/11 126 596Lahore
57%
Inde/4 681 756Chennai
57%
Inde/4 486 679Calcutta
57%
Inde/3 115 431Pune
57%
Inde/3 073 350Jaipur
57%
Inde/5 570 587Ahmedabad
57%
Inde/6 809 770Hyderabad
57%
Chine/4 344 556Tianjin
57%
Chine/3 957 845Wuhan
57%
Chine/2 656 518Xi'an
57%
Inde/8 456 970Bangalore
57%
Inde/2 815 607Lucknow
57%
Inde/4 462 002Surate
57%
Japon/1 536 499Kōbe
57%
Indonésie/2 097 810Medan
43%
Corée du Sud/2 890 451Incheon
43%
Pakistan/1 001 205Quetta
43%
Indonésie/1 024 906Padang
29%
Pakistan/2 098 231Rawalpindi
29%
Indonésie/1 742 186Palembang
29%
Chine/1 886 779Changchun
29%
Chine/2 765 429Harbin
29%
Chine/3 452 546Shenyang
29%
Japon/1 075 813Sendai
14%
Inde/2 767 031Kanpur
14%
Japon/1 470 756Kawasaki
14%
Thaïlande/143 000Udon Thani
14%
Pakistan/1 927 042Peshawar
14%
Thaïlande/404 805Nonthaburi
0%
Iran/ 1 701 256Chiraz
0%
Thaïlande/180 000Chonburi
0%
Thaïlande/145 783Nakhon Ratchasima
0%
Thaïlande/148 477Chiang Mai
0%
Thaïlande/157 359Hait Yai
0%
Thaïlande/178 900Pak Kret
0%
Iran/1 523 085Karaj
0%
Thaïlande/530 547Samut Prakan
0%
Thaïlande/113 754Khon Kaen
0%
Thaïlande/128 179Surat Thani
0%
Thaïlande/104 318Pattaya
0%
Malaisie/584 342Shah Alam
0%
Viêt Nam/205 660Rach Gia
0%
Malaisie/ 637 200Ipoh
0%
Malaisie/638 516Petaling Jaya
0%
Malaisie/568 423Kuantan
0%
Malaisie/452 058Kota Kinabalu
0%
Malaisie/275 375Sandakan
0%
Malaisie/325 132Kuching
0%
Malaisie/419 536Seremban
0%
Malaisie/708 296Subang Jaya
0%
Malaisie/857 651Johor Bahru
0%
Iran/1 081 745Qom
0%
Iran/1 083 833Kermanshah
0%
Iran/1 265 721Orumieh
0%
Iran/ 841 145Ahvaz
0%
Iran/642 195Rasht
0%
Malaisie/878 007Kelang
0%
Iran/632 442Kerman
0%
Iran/ 1 424 641Tabriz
0%
Indonésie/1 773 470Bekasi
0%
Arabie Saoudite/512 599Khamis Mushait
0%
Arabie Saoudite/609 120al-Mubarraz
0%
Arabie Saoudite/614 093Buraydah
0%
Arabie Saoudite/509 707Tabuk
0%
Arabie Saoudite/412 758Hail
0%
Indonésie/1 338 663Makassar
0%
Indonésie/1 751 696Depok
0%
Indonésie/2 001 925Tangerang
0%
Arabie Saoudite/903 557Dammam
0%
Arabie Saoudite/987 814Taëf
0%
Pakistan/2 027 001Gujranwala
0%
Japon/1 257 262Saitama
0%
Chine/2 279 299Jiulong
0%
Pakistan/1 182 441Multan
0%
Pakistan/762 111Bahawalpur
0%
Arabie Saoudite/1 063 112Al-Hufuf
0%
Pakistan/659 825Sargodha
0%
Indonésie/1 268 292Semarang
0%
Indonésie/923 970Bandar Lampung
0%
Viêt Nam/701 194Biên Hòa
0%
Viêt Nam/1 047 000Đà Nẵng
0%
Viêt Nam/1 200 000Cần Thơ
0%
Viêt Nam/456 266Quy Nhơn
0%
Viêt Nam/ 350 375Nha Trang
0%
Viêt Nam/338 994Huế
0%
Viêt Nam/350 000Phan Thiết
0%
Viêt Nam/1 904 100Hải Phòng
0%
Corée du Sud/948 757Seongnam
0%
Corée du Sud/1 194 131Suwon
0%
Corée du Sud/1 502 881Gwangju
0%
Corée du Sud/1 538 394Daejeon
0%
Corée du Sud/1 166 615Ulsan
0%
Corée du Sud/1 059 241Changwon
0%
Corée du Sud/971 327Yongin
0%
Corée du Sud/990 073Goyang
0%
Viêt Nam/327 000Vũng Tàu
0%

Score Distribution

Percentile by Number Answered

Percent of People with Each Score

Your Score History

You have not taken this quiz